Statistiques concernant Culture Générale - Série 478

Cliquez ici pour prendre le quiz!

Statistiques générales

  • Ce quiz a été pris 143 fois
  • Le résultat moyen est 4 sur 10

Statistiques - réponses

QuestionRéponse% Correct
Quel superhéros doit ses pouvoirs à une piqûre d'araignée mutante ?Spider‐Man
92%
Quelle ville d'Italie a donné son nom à la tarentule ?Tarente
53%
Quelle classe d'arthropodes regroupe les araignées et les scorpions ?arachnides
52%
Dans un film de 1942, quelle ville est le cadre des retrouvailles d'Humphrey Bogart et Ingrid Bergman ?Casablanca
45%
Dans quel album Tintin fuit‐il devant une araignée géante ?L'Etoile mystérieuse
35%
Complétez ce vers de "La Laitière et le pot au lait" : "Le lait tombe ; adieu veau, vache, cochon..."couvée
33%
Quelle banlieue de Johannesburg, en Afrique du Sud, a été le théâtre de violentes émeutes anti‐apartheid en 1976 ?Soweto
28%
Dans "Le Laboureur et ses enfants", à quoi le travail est‐il comparé ?trésor
15%
En 2005, quelle bande dessinée de Frank Miller est adaptée au cinéma par Robert Rodriguez ?Sin City
13%
Quelle ville accueille le Fespaco, le plus grand festival cinématographique d'Afrique ?Ouagadougou
5%

Distribution des résultats

Percentile par nombre de réponses

% des personnes avec chaque résultat

Votre développement - résultats

Vous n’avez pas pris ce quiz